[Event "16th Sants Open 2014"]
[Site "Barcelona ESP"]
[Date "2014.08.26"]
[Round "5.51"]
[White "Ekeberg, Carl Fredrik"]
[Black "Mayr, Florian"]
[Result "1-0"]
[WhiteTitle "FM"]
[WhiteElo "2294"]
[BlackElo "2103"]
[WhiteFideId "1502654"]
[BlackFideId "24612219"]
[EventDate "2014.08.22"]

1. Nf3 d5 2. d4 Nf6 3. c4 e6 4. g3 Be7 5. Bg2 O-O 6. O-O Nbd7 7. Nc3 dxc4 8. e4
Rb8 9. a4 a6 10. a5 b5 11. axb6 Nxb6 12. Qe2 c5 13. Bf4 Rb7 14. dxc5 Bxc5 15.
Rxa6 Rd7 16. Raa1 Nh5 17. Bg5 f6 18. Be3 Bxe3 19. Qxe3 Rd3 20. Qc5 e5 21. Nd5
Rb3 22. Nd2 Rxb2 23. Nxc4 Nxc4 24. Qxc4 Be6 25. Bf3 g6 26. Qc3 Qb8 27. Bxh5 gxh5
28. Qe3 Rb7 29. Qh6 Qd8 30. Rfd1 Rd7 31. Ne3 Rxd1+ 32. Rxd1 Qe8 33. Nf5 Qf7 34.
Rd6 Re8 35. Rb6 Bxf5 36. exf5 Rf8 37. Re6 Kh8 38. Kg2 Qb7+ 39. Kh3 Qf7 40. Kh4
Kg8 41. Qxh5 Qxh5+ 42. Kxh5 Kf7 43. Ra6 Ke7 44. Ra7+ Kd6 45. Rxh7 Rg8 46. h4 e4
47. Ra7 e3 48. fxe3 Rxg3 49. e4 Rg1 50. Rf7 Ke5 51. Re7+ Kf4 52. Re6 Rg2 53. Kh6
Rg3 54. h5 Rg2 55. Rxf6 Kxe4 56. Rg6 Rf2 57. f6 Ke5 58. Kg7 1-0

[Event "16th Sants Open 2014"]
[Site "Barcelona ESP"]
[Date "2014.08.26"]
[Round "5.52"]
[White "Finsterwalder, Sebastian"]
[Black "Piepho, Niels"]
[Result "0-1"]
[WhiteElo "2066"]
[BlackElo "2293"]
[WhiteFideId "24632090"]
[BlackFideId "4624262"]
[EventDate "2014.08.22"]

1. e4 d6 2. d4 Nf6 3. Nc3 g6 4. Be3 Bg7 5. h3 b6 6. Qd2 Bb7 7. Bd3 Nbd7 8. Bh6
O-O 9. Nf3 e5 10. d5 a5 11. O-O-O Nc5 12. Bxg7 Kxg7 13. Rhe1 Nh5 14. g4 Nf4 15.
Bb5 Bc8 16. Rh1 Kh8 17. Ng1 Qh4 18. f3 f5 19. Nge2 fxe4 20. Nxf4 Rxf4 21. fxe4
Bb7 22. Qe1 Qh6 23. Qe3 Kg7 24. Rdf1 Raf8 25. Rxf4 Rxf4 26. Kb1 Qg5 27. Qe2 Qh4
28. Rf1 Qxh3 29. Rxf4 exf4 0-1

[Event "16th Sants Open 2014"]
[Site "Barcelona ESP"]
[Date "2014.08.26"]
[Round "5.53"]
[White "Chalmeta Ugas, Ramon"]
[Black "Jove Grau, Lluis"]
[Result "1-0"]
[WhiteTitle "FM"]
[WhiteElo "2292"]
[BlackElo "2100"]
[WhiteFideId "2256339"]
[BlackFideId "2211408"]
[EventDate "2014.08.22"]

1. e4 d6 2. d4 Nf6 3. Nc3 g6 4. f4 Bg7 5. Nf3 O-O 6. Bd3 Nc6 7. e5 dxe5 8. fxe5
Nd5 9. Nxd5 Qxd5 10. c3 Bg4 11. h3 Bxf3 12. Qxf3 Qxf3 13. gxf3 f6 14. e6 Rfd8
15. Ke2 Rd5 16. Bf4 Rc8 17. b4 Rh5 18. Bc4 Bh6 19. Bg3 Kg7 20. Bb3 Nd8 21. Rad1
c6 22. Rd3 b6 23. d5 cxd5 24. Bxd5 Nc6 25. f4 Rf5 26. Be4 Rxf4 27. Bxf4 Bxf4 28.
Rd7 Kf8 29. Rhd1 Bd6 30. R1xd6 exd6 31. Rxh7 Ne7 32. Rf7+ Ke8 33. Rxf6 Rxc3 34.
Bd3 Ra3 35. Bb5+ Kd8 36. Rf8+ Kc7 37. Re8 Nc6 38. Bxc6 Kxc6 39. Rc8+ 1-0

[Event "16th Sants Open 2014"]
[Site "Barcelona ESP"]
[Date "2014.08.26"]
[Round "5.54"]
[White "Lemeaux, David"]
[Black "Serarols Mabras, Bernat"]
[Result "1/2-1/2"]
[WhiteElo "2267"]
[BlackElo "2094"]
[WhiteFideId "613843"]
[BlackFideId "2238276"]
[EventDate "2014.08.22"]

1. d4 Nf6 2. c4 e6 3. g3 d5 4. Nf3 Be7 5. Bg2 O-O 6. O-O dxc4 7. Qc2 a6 8. a4
Nbd7 9. Qxc4 b5 10. Qb3 Bb7 11. Bg5 Bd5 12. Qc2 b4 13. Nbd2 c5 14. e4 Bb7 15. e5
Nd5 16. Ne4 cxd4 17. Rad1 Rc8 18. Qd2 Ne3 19. Bxe3 dxe3 20. Qxe3 Bxe4 21. Qxe4
Qc7 1/2-1/2

[Event "16th Sants Open 2014"]
[Site "Barcelona ESP"]
[Date "2014.08.26"]
[Round "5.55"]
[White "Diaz Camallonga, Carles"]
[Black "Blasco Coll, Andreu"]
[Result "1-0"]
[WhiteElo "2261"]
[BlackElo "2086"]
[WhiteFideId "22235256"]
[BlackFideId "22272836"]
[EventDate "2014.08.22"]

1. e4 c5 2. Nf3 e6 3. d4 cxd4 4. Nxd4 Nc6 5. Nb5 d6 6. c4 Nf6 7. N1c3 a6 8. Na3
b6 9. Be2 Bb7 10. O-O Be7 11. Be3 Ne5 12. f3 O-O 13. Rc1 Qc7 14. Qd2 Rac8 15.
Rfd1 Rfe8 16. Kh1 Qb8 17. Bg1 Bc6 18. Nc2 b5 19. cxb5 axb5 20. Nd4 b4 21. Nxc6
Nxc6 22. Na4 Nd7 23. f4 e5 24. Bg4 1-0

[Event "16th Sants Open 2014"]
[Site "Barcelona ESP"]
[Date "2014.08.26"]
[Round "5.56"]
[White "Prats Rodriguez, Juan Bosco"]
[Black "Pedini, Dario"]
[Result "0-1"]
[WhiteElo "2050"]
[BlackElo "2260"]
[WhiteFideId "2221411"]
[BlackFideId "824623"]
[EventDate "2014.08.22"]

1. e4 e5 2. Nf3 Nc6 3. d4 exd4 4. Nxd4 Bc5 5. Be3 Qf6 6. c3 Nge7 7. Bc4 Ne5 8.
Be2 Qg6 9. O-O d6 10. f4 Ng4 11. Bxg4 Qxg4 12. Qd2 d5 13. Nb5 Bxe3+ 14. Qxe3 Qd7
15. Nxa7 d4 16. Qg3 Rxa7 17. Qxg7 Rg8 18. Qxh7 Qg4 19. Rf2 Qd1+ 20. Rf1 Qc2 21.
Nd2 Qxd2 22. Rf2 Qe3 23. f5 Ra6 0-1

[Event "16th Sants Open 2014"]
[Site "Barcelona ESP"]
[Date "2014.08.26"]
[Round "5.57"]
[White "Aubry, Yannis"]
[Black "Vigo Allepuz, David"]
[Result "1/2-1/2"]
[WhiteElo "2251"]
[BlackElo "2059"]
[WhiteFideId "20642407"]
[BlackFideId "2226715"]
[EventDate "2014.08.22"]

1. d4 e6 2. c4 d5 3. Nc3 Nf6 4. cxd5 exd5 5. Bf4 c6 6. e3 Bd6 7. Bxd6 Qxd6 8.
Bd3 O-O 9. Nge2 Re8 10. Qc2 Na6 11. a3 Nc7 12. O-O h6 13. Ng3 Bd7 14. Nce2 Ne6
15. b4 a5 16. Qb2 axb4 17. Qxb4 Qxb4 18. axb4 g6 19. Rfb1 Nc7 20. Nc1 b6 21. Bf1
h5 22. h4 Rxa1 23. Rxa1 1/2-1/2

[Event "16th Sants Open 2014"]
[Site "Barcelona ESP"]
[Date "2014.08.26"]
[Round "5.58"]
[White "Serrano Aspa, Pedro"]
[Black "Buchenau, Frank"]
[Result "0-1"]
[BlackTitle "FM"]
[WhiteElo "2047"]
[BlackElo "2250"]
[WhiteFideId "2226553"]
[BlackFideId "4604350"]
[EventDate "2014.08.22"]

1. d4 e6 2. c4 Nf6 3. Nc3 Bb4 4. f3 O-O 5. e4 d5 6. e5 Nfd7 7. a3 Bxc3+ 8. bxc3
dxc4 9. g3 Nb6 10. a4 a5 11. Ba3 Re8 12. Kf2 Bd7 13. Bc5 Nd5 14. Bxc4 Nxc3 15.
Qb3 Nxa4 16. Rxa4 b6 17. Ba3 c6 18. Bb2 b5 19. Ra1 bxc4 20. Qxc4 Qb6 21. Bc3 Qb5
22. Qxb5 cxb5 23. Rxa5 Rxa5 24. Bxa5 Nc6 25. Bb6 Nb4 26. Ne2 Ra8 27. Rb1 Nd5 28.
Bc5 Ra2 29. Ke1 Bc6 30. Rb3 b4 31. Bxb4 Ba4 32. Rc3 Nxc3 33. Nxc3 Rb2 34. Bc5
Bc6 35. f4 Rxh2 36. Kf1 Rc2 37. Nd1 Bb5+ 0-1

[Event "16th Sants Open 2014"]
[Site "Barcelona ESP"]
[Date "2014.08.26"]
[Round "5.59"]
[White "Tallo Dominguez, Imar"]
[Black "Morello, Guido"]
[Result "1-0"]
[WhiteElo "2245"]
[BlackElo "2048"]
[WhiteFideId "2283743"]
[BlackFideId "836621"]
[EventDate "2014.08.22"]

1. e4 c5 2. Nf3 e6 3. d4 cxd4 4. Nxd4 Nc6 5. Nc3 Qc7 6. g3 a6 7. Bg2 Nf6 8. O-O
Be7 9. a4 O-O 10. Nb3 b6 11. f4 d6 12. g4 h6 13. h4 Nh7 14. g5 hxg5 15. hxg5 g6
16. Rf3 Rd8 17. Rh3 d5 18. Qg4 Kg7 19. Qh4 Rh8 20. exd5 exd5 21. Nxd5 Qd8 22.
Nxe7 Nxe7 23. Rd3 Bd7 24. Bxa8 Nf8 25. Qxh8+ Kxh8 26. Be4 Qc8 27. Bd2 Bc6 28.
Bxc6 Nxc6 29. Kf2 Kg8 30. Rh1 f6 31. Bc3 Qg4 32. gxf6 Kf7 33. Nd2 b5 34. axb5
axb5 35. Nf3 Qxf4 36. Rd5 b4 37. Rh4 Qc7 38. Ng5+ Kg8 1-0

[Event "16th Sants Open 2014"]
[Site "Barcelona ESP"]
[Date "2014.08.26"]
[Round "5.60"]
[White "Siegl, Melina"]
[Black "Dalo, Hermes"]
[Result "0-1"]
[BlackTitle "CM"]
[WhiteElo "1803"]
[BlackElo "2221"]
[WhiteFideId "1272126"]
[BlackFideId "3902544"]
[EventDate "2014.08.22"]

1. b3 d6 2. Bb2 Nd7 3. e3 Ngf6 4. Nf3 g6 5. d4 Bg7 6. c4 O-O 7. Nc3 Re8 8. Be2
e5 9. Qc2 c6 10. Nd2 exd4 11. exd4 Nf8 12. O-O Ne6 13. Nf3 Nf4 14. Rfe1 Bg4 15.
Ng5 Nxe2+ 16. Nxe2 h6 17. Nf3 Bxf3 18. gxf3 Qd7 19. Nf4 g5 20. Ng2 Qh3 21. Qc3
Nh5 22. Re3 Re6 23. f4 Qf5 24. fxg5 hxg5 25. Rxe6 fxe6 26. Re1 Re8 27. Qe3 Nf6
28. h3 Kf7 29. Kh2 Rh8 30. Qg3 Ne4 31. Rxe4 Qxe4 32. Qxd6 Qg4 33. Qg3 Qxg3+ 34.
Kxg3 c5 35. Bc1 cxd4 36. Bxg5 Bh6 37. h4 Bxg5 38. hxg5 d3 39. Ne3 Rh1 40. Kf3
Re1 0-1

[Event "16th Sants Open 2014"]
[Site "Barcelona ESP"]
[Date "2014.08.26"]
[Round "5.61"]
[White "Bendayan Claros, Aaron"]
[Black "Martin Perez, Laura"]
[Result "1-0"]
[WhiteElo "2216"]
[BlackElo "2045"]
[WhiteFideId "3803392"]
[BlackFideId "22244735"]
[EventDate "2014.08.22"]

1. d4 Nf6 2. c4 c5 3. d5 b5 4. cxb5 a6 5. bxa6 g6 6. Nc3 Bxa6 7. Nf3 d6 8. g3
Bg7 9. Bg2 Nbd7 10. Rb1 O-O 11. O-O Qa5 12. Bd2 Bb7 13. Qc2 Qa6 14. e4 e6 15.
dxe6 fxe6 16. Ng5 Rae8 17. a4 Ne5 18. f4 Nc6 19. Nb5 Nd4 20. Nxd4 cxd4 21. Qb3
d5 22. Bb4 Qb6 23. a5 Qb5 24. Rfe1 dxe4 25. Nxe4 Bxe4 26. Bxe4 Rf7 27. Bd3 Qb8
28. Rxe6 Kh8 29. Rxe8+ Qxe8 30. Re1 Qa8 31. Bc4 Rf8 32. Bxf8 Bxf8 33. a6 Qc8 34.
Qb6 Kg7 1-0

[Event "16th Sants Open 2014"]
[Site "Barcelona ESP"]
[Date "2014.08.26"]
[Round "5.62"]
[White "Rojano Alfonso, Carlos"]
[Black "Martin Perez, Javier"]
[Result "1-0"]
[BlackTitle "FM"]
[WhiteElo "2213"]
[BlackElo "2013"]
[WhiteFideId "22229507"]
[BlackFideId "2219581"]
[EventDate "2014.08.22"]

1. d4 d5 2. c4 c6 3. Nf3 Nf6 4. Qc2 e6 5. g3 Be7 6. Bg2 O-O 7. O-O Nbd7 8. b3 b6
9. Nbd2 Bb7 10. Bb2 Rc8 11. e4 c5 12. e5 Ne8 13. Qd1 Rc7 14. a3 Qa8 15. Ne1 Rc8
16. Nc2 dxc4 17. Bxb7 Qxb7 18. Nxc4 cxd4 19. Qxd4 Nc5 20. Qe3 b5 21. Nd2 Nc7 22.
Nd4 Rfd8 23. Qe2 a6 24. Rac1 Nd5 25. b4 Na4 26. N2b3 Ndc3 27. Bxc3 Nxc3 28. Qb2
Na4 29. Qe2 Qd5 30. Qf3 Qxf3 31. Nxf3 Nc3 32. Rc2 Rd3 33. Kg2 Rcd8 34. Ne1 Ne4
35. Nxd3 Rxd3 36. Rc8+ Bf8 37. Nc5 Rc3 38. Rd1 1-0

[Event "16th Sants Open 2014"]
[Site "Barcelona ESP"]
[Date "2014.08.26"]
[Round "5.63"]
[White "Perez Pastora, Evarist"]
[Black "Beaskoa Estany, Gabriel"]
[Result "1-0"]
[WhiteElo "2181"]
[BlackElo "1884"]
[WhiteFideId "2258102"]
[BlackFideId "32028113"]
[EventDate "2014.08.22"]

1. e4 c5 2. Nf3 d6 3. d4 cxd4 4. Nxd4 Nf6 5. Nc3 a6 6. Bg5 e6 7. f4 Qc7 8. Qf3
b5 9. Bxf6 gxf6 10. Bd3 b4 11. Nce2 Nd7 12. f5 e5 13. Nb3 Bb7 14. Ng3 Be7 15.
Nf1 O-O-O 16. Ne3 Rdg8 17. Bc4 Rg7 18. Bd5 Nb6 19. Bxb7+ Qxb7 20. O-O-O Rhg8 21.
Kb1 Kb8 22. Na5 Qc7 23. Qe2 Ka7 24. g3 Rc8 25. Nd5 Nxd5 26. Rxd5 h5 27. Rc1 Rg4
28. c3 Bf8 29. c4 Qb6 30. Rcd1 Rc5 31. Rxc5 Qxc5 32. Nb3 Qb6 33. c5 Qc6 34. cxd6
Bxd6 35. Qd3 Bc7 36. Rc1 Qb7 37. Nc5 Qb6 38. Nd7 Qd6 39. Qxd6 Bxd6 40. Nxf6 Rg5
41. Rd1 1-0

[Event "16th Sants Open 2014"]
[Site "Barcelona ESP"]
[Date "2014.08.26"]
[Round "5.64"]
[White "Shatko, Danil"]
[Black "Conchillo Torres, Juan"]
[Result "1-0"]
[WhiteElo "2178"]
[BlackElo "1681"]
[WhiteFideId "2297540"]
[BlackFideId "32042094"]
[EventDate "2014.08.22"]

1. d4 Nf6 2. c4 g6 3. Nc3 d5 4. cxd5 Nxd5 5. e4 Nxc3 6. bxc3 Bg7 7. Bc4 c5 8.
Ne2 O-O 9. Be3 Nc6 10. O-O Na5 11. Bd3 b6 12. Qd2 cxd4 13. cxd4 e6 14. Bh6 Bxh6
15. Qxh6 Qe7 16. e5 Bb7 17. Nf4 Rfd8 18. Nh5 Qf8 19. Nf6+ Kh8 20. Qxh7# 1-0

[Event "16th Sants Open 2014"]
[Site "Barcelona ESP"]
[Date "2014.08.26"]
[Round "5.65"]
[White "Del Valle, Julie"]
[Black "Gonzalez Rodriguez, Jorge A."]
[Result "0-1"]
[BlackTitle "IM"]
[WhiteElo "1681"]
[BlackElo "2382"]
[WhiteFideId "679704"]
[BlackFideId "4400240"]
[EventDate "2014.08.22"]

1. d4 Nf6 2. c4 e6 3. Nf3 b6 4. e3 Bb7 5. Bd3 c5 6. O-O Be7 7. Nc3 cxd4 8. exd4
d6 9. Re1 O-O 10. Be3 Nbd7 11. Nd2 a6 12. Rc1 d5 13. cxd5 Nxd5 14. Nxd5 Bxd5 15.
Qe2 b5 16. Nb3 Nf6 17. f3 Bxb3 18. axb3 Nd5 19. Be4 Bf6 20. Red1 Ra7 21. Bf2 Rd7
22. Bxd5 Rxd5 23. Rc6 Bxd4 24. Bxd4 Rxd4 25. Rxd4 Qxd4+ 26. Kf1 Qa7 27. Qc2 Qa8
28. Qc5 h6 29. Qb6 Rc8 30. Rxc8+ Qxc8 31. Qe3 Qc2 32. Qc3 Qxc3 33. bxc3 a5 34.
Ke2 e5 35. Kd3 f5 36. c4 b4 37. g4 g6 38. c5 Kf7 39. c6 Ke6 40. c7 Kd7 41. c8=Q+
Kxc8 42. Kc4 Kd7 0-1

[Event "16th Sants Open 2014"]
[Site "Barcelona ESP"]
[Date "2014.08.27"]
[Round "6.1"]
[White "Cori, Jorge"]
[Black "Kraemer, Martin"]
[Result "1/2-1/2"]
[WhiteTitle "GM"]
[BlackTitle "GM"]
[WhiteElo "2630"]
[BlackElo "2546"]
[WhiteFideId "3802272"]
[BlackFideId "4671910"]
[EventDate "2014.08.22"]

1. Nf3 Nf6 2. g3 d5 3. Bg2 c6 4. O-O Bg4 5. c4 e6 6. b3 Bd6 7. Bb2 O-O 8. Nc3
Nbd7 9. d3 Qe7 10. a3 Rfd8 11. Qc2 a5 12. Rfe1 Rac8 13. Nd2 e5 14. cxd5 cxd5 15.
Qb1 Bc5 16. e3 d4 17. Nd5 Nxd5 18. exd4 Bxd4 19. Bxd4 Be6 20. Nc4 exd4 21. Bxd5
Nf8 22. Bg2 Qc7 23. a4 Nd7 24. Rc1 Ne5 25. Re1 Nc6 26. Qd1 Nb4 27. Qd2 b6 28. h4
Re8 29. Rac1 Bxc4 30. Rxc4 Rxe1+ 31. Qxe1 Qd8 32. Qe4 Rxc4 33. bxc4 h5 34. g4
hxg4 35. h5 Qd7 36. Qe5 Na6 37. Be4 Qd8 38. Qf5 Kf8 39. Bd5 Qe8 40. Qxg4 Nc5 41.
Qxd4 Qxa4 42. Qe5 Qd1+ 43. Kh2 Qg4 44. Qd6+ Kg8 45. Qb8+ Kh7 46. Bxf7 Qh4+ 47.
Kg2 Qg4+ 48. Kh2 Qh4+ 1/2-1/2

[Event "16th Sants Open 2014"]
[Site "Barcelona ESP"]
[Date "2014.08.27"]
[Round "6.2"]
[White "Sandipan, Chanda"]
[Black "Hoffman, Alejandro"]
[Result "1-0"]
[WhiteTitle "GM"]
[BlackTitle "GM"]
[WhiteElo "2619"]
[BlackElo "2456"]
[WhiteFideId "5004225"]
[BlackFideId "100340"]
[EventDate "2014.08.22"]

1. e4 d6 2. d4 Nf6 3. Nc3 Nbd7 4. Nf3 e5 5. Bc4 Be7 6. O-O Nb6 7. Be2 exd4 8.
Nxd4 O-O 9. Bf4 c6 10. Qd2 Re8 11. Rad1 Bf8 12. Qd3 Qe7 13. Rfe1 Be6 14. Qg3
Rad8 15. Bg5 Kh8 16. f4 Bc8 17. Bd3 h6 18. Bh4 Qc7 19. Bxf6 gxf6 20. Qh4 Bg7 21.
Qh5 d5 22. exd5 Rxe1+ 23. Rxe1 Qxf4 24. Nf5 Bxf5 25. Qxf5 Qxf5 26. Bxf5 cxd5 27.
Re7 Nc4 28. Rxb7 Nd6 29. Rd7 Rxd7 30. Bxd7 f5 31. Nd1 Bd4+ 32. Kf1 Be5 33. h3
Kg7 34. b3 Bd4 35. Bc6 Kf6 36. Bxd5 Ke5 37. Bf3 Nb5 38. Ke2 f4 39. Kd3 Nc7 40.
c3 Bg1 41. Nb2 f5 42. a4 Ke6 43. b4 Ke5 44. Nc4+ Ke6 45. Na5 Ke5 46. c4 a6 47.
c5 1-0

[Event "16th Sants Open 2014"]
[Site "Barcelona ESP"]
[Date "2014.08.27"]
[Round "6.3"]
[White "Ducarmon, Quinten"]
[Black "Peralta, Fernando"]
[Result "1/2-1/2"]
[WhiteTitle "IM"]
[BlackTitle "GM"]
[WhiteElo "2479"]
[BlackElo "2574"]
[WhiteFideId "1025007"]
[BlackFideId "105309"]
[EventDate "2014.08.22"]

1. e4 e6 2. d4 d5 3. Nd2 c5 4. Ngf3 cxd4 5. Nxd4 Nc6 6. Bb5 Bd7 7. Nxc6 bxc6 8.
Bd3 Bd6 9. Qe2 Ne7 10. Nf3 Ng6 11. e5 Bc7 12. O-O O-O 13. c4 c5 14. Ng5 Qe8 15.
f4 h6 16. Nf3 Bc6 17. Bd2 dxc4 18. Bxc4 Ne7 19. Be3 Bb6 20. Rac1 Nd5 21. Bxd5
exd5 22. Qf2 d4 23. Bd2 Qe6 24. b4 cxb4 25. f5 Qxf5 26. Rxc6 d3 27. Rxb6 axb6
28. Bxb4 Rfc8 29. a3 Rc2 30. Qxb6 Qe4 31. e6 fxe6 32. Nd2 Qd5 33. Qe3 Rac8 34.
h3 Rc1 35. Rxc1 Rxc1+ 36. Kh2 Rc2 37. Qf4 e5 38. Qf8+ Kh7 39. Qf5+ Kg8 40. Kg3
Qd4 41. Qe4 Qxe4 42. Nxe4 Kf7 43. Kf3 Ke6 44. Nd2 Kd5 45. Ke3 e4 46. g3 g5 47.
a4 Rb2 48. Bf8 Rb6 49. a5 Rf6 50. Bg7 Rg6 51. Bd4 Rc6 52. Bb2 Rc2 53. Ba3 Rc3
54. Bb2 1/2-1/2

[Event "16th Sants Open 2014"]
[Site "Barcelona ESP"]
[Date "2014.08.27"]
[Round "6.4"]
[White "Aloma Vidal, Robert"]
[Black "Libiszewski, Fabien"]
[Result "1-0"]
[WhiteTitle "IM"]
[BlackTitle "GM"]
[WhiteElo "2403"]
[BlackElo "2531"]
[WhiteFideId "2260409"]
[BlackFideId "616834"]
[EventDate "2014.08.22"]

1. d4 Nf6 2. c4 g6 3. Nc3 Bg7 4. e4 d6 5. h3 O-O 6. Bg5 Nbd7 7. Nf3 e5 8. d5 a5
9. Nd2 Nc5 10. Be2 Bd7 11. O-O h6 12. Be3 Nh7 13. a3 a4 14. b4 axb3 15. Nxb3 Na4
16. Nxa4 Rxa4 17. c5 Rxe4 18. Nd2 Rxe3 19. fxe3 dxc5 20. Qb3 b6 21. a4 e4 22.
Rad1 Qe7 23. Rf4 Nf6 24. Rdf1 Rd8 25. Bc4 Be8 26. Qc2 g5 27. Rf5 Bd7 28. Rxf6
Bxf6 29. Nxe4 Be5 30. d6 cxd6 31. Rxf7 Qxf7 32. Nxd6 Ra8 1-0

[Event "16th Sants Open 2014"]
[Site "Barcelona ESP"]
[Date "2014.08.27"]
[Round "6.5"]
[White "Perpinya Rofes, Lluis Maria"]
[Black "Blomqvist, Erik"]
[Result "0-1"]
[WhiteTitle "IM"]
[BlackTitle "GM"]
[WhiteElo "2391"]
[BlackElo "2506"]
[WhiteFideId "2208598"]
[BlackFideId "1709437"]
[EventDate "2014.08.22"]

1. e4 d6 2. d4 Nf6 3. Nc3 e5 4. Nf3 Nbd7 5. Bc4 Be7 6. O-O O-O 7. Re1 c6 8. a4
exd4 9. Nxd4 Ne5 10. Bf1 Re8 11. h3 Bd7 12. Bf4 Bf8 13. Qd2 Qc7 14. Bh2 Rad8 15.
Kh1 Bc8 16. Rad1 a6 17. f4 Ng6 18. Qf2 Qb6 19. Bg1 Qxb2 20. Qd2 d5 21. Rb1 Qa3
22. Ra1 Qb4 23. Rab1 Qa5 24. e5 Nd7 25. e6 fxe6 26. Nxe6 Rxe6 27. Rxe6 Bb4 28.
Qe3 Nf6 29. f5 d4 30. Bc4 Kh8 31. Qe2 Nf4 32. Qf3 Nxe6 33. Na2 Ng5 34. Qf4 Bd2 0-1

[Event "16th Sants Open 2014"]
[Site "Barcelona ESP"]
[Date "2014.08.27"]
[Round "6.6"]
[White "Cuartas, Jaime Alexander"]
[Black "Sowray, Peter J"]
[Result "1/2-1/2"]
[WhiteTitle "GM"]
[BlackTitle "FM"]
[WhiteElo "2489"]
[BlackElo "2325"]
[WhiteFideId "4401190"]
[BlackFideId "400971"]
[EventDate "2014.08.22"]

1. e4 e6 2. d4 d5 3. Nc3 Bb4 4. e5 b6 5. a3 Bf8 6. Bb5+ c6 7. Ba4 Bd7 8. Nf3 c5
9. Bb3 Ne7 10. Ne2 Nf5 11. c3 Bb5 12. O-O Nc6 13. Re1 Be7 14. Bc2 O-O 15. Bxf5
exf5 16. Nf4 cxd4 17. Nxd4 Nxd4 18. Qxd4 Bc4 19. Qd1 Bg5 20. e6 Qd6 21. Nh5 Bxc1
22. Rxc1 fxe6 23. Qd4 Rf7 24. Re3 f4 25. Re5 Qc5 26. Qd2 Raf8 27. Rce1 Qe7 28.
g3 fxg3 29. hxg3 Rxf2 30. Qxf2 Rxf2 31. Kxf2 Bd3 32. Rxe6 Qc5+ 33. R1e3 Be4 34.
Nf4 Kf7 35. Re5 h6 36. b3 Qd6 37. Rh5 g5 38. Ne2 Kg6 39. Rh2 Qxa3 40. g4 Qf8+
41. Ke1 a5 42. Reh3 b5 43. Nd4 b4 44. Rxh6+ Qxh6 45. Rxh6+ Kxh6 46. cxb4 axb4
47. Kd2 Kg6 48. Nc6 Kf6 49. Nxb4 Bf3 50. Ke3 Bxg4 51. Nxd5+ Ke5 52. Nc3 Be6 53.
b4 g4 54. b5 Kd6 55. Ne4+ Kc7 56. Kf4 Kb6 57. Nf6 Kxb5 58. Nxg4 Bxg4 59. Kxg4 1/2-1/2

[Event "16th Sants Open 2014"]
[Site "Barcelona ESP"]
[Date "2014.08.27"]
[Round "6.7"]
[White "Lyrberg, Patrik"]
[Black "Bogner, Sebastian"]
[Result "1/2-1/2"]
[WhiteTitle "IM"]
[BlackTitle "GM"]
[WhiteElo "2444"]
[BlackElo "2603"]
[WhiteFideId "1701975"]
[BlackFideId "4692055"]
[EventDate "2014.08.22"]

1. d4 Nf6 2. c4 g6 3. Nc3 Bg7 4. e4 d6 5. Nf3 O-O 6. Be2 e5 7. d5 a5 8. O-O Na6
9. Ne1 Nc5 10. Bg5 h6 11. Bxf6 Bxf6 12. Bg4 Nd7 13. Nd3 Bg5 14. Bh3 c6 15. Qc2
Nb6 16. Bxc8 Rxc8 17. dxc6 Rxc6 18. b3 Qc8 19. Qe2 h5 20. Rad1 Qg4 21. h3 Qxe2
22. Nxe2 f5 23. Nc3 Nd7 24. Nb2 Nf6 25. Rfe1 Kf7 26. Rd3 Rb8 27. Nba4 fxe4 28.
Rdd1 Ke6 29. Nb5 e3 30. fxe3 d5 31. Na7 Rc7 32. Nb5 Rc6 33. Na7 Rd6 34. Nb5 Rc6
35. Na7 Rc7 36. Nb5 Rc6 1/2-1/2

[Event "16th Sants Open 2014"]
[Site "Barcelona ESP"]
[Date "2014.08.27"]
[Round "6.8"]
[White "Vocaturo, Daniele"]
[Black "Mascaro March, Pedro"]
[Result "1-0"]
[WhiteTitle "GM"]
[BlackTitle "IM"]
[WhiteElo "2587"]
[BlackElo "2417"]
[WhiteFideId "813192"]
[BlackFideId "2217570"]
[EventDate "2014.08.22"]

1. d4 Nf6 2. c4 e6 3. Nc3 Bb4 4. Qc2 d5 5. a3 Be7 6. Nf3 Nbd7 7. Bf4 c6 8. e3
O-O 9. Bd3 dxc4 10. Bxc4 Nd5 11. Bg3 N7f6 12. O-O b6 13. Rfd1 Bb7 14. Be2 Nxc3
15. bxc3 Qc8 16. Ne5 c5 17. Bd3 h6 18. h3 Nd7 19. Nc4 Rd8 20. f3 Nf6 21. Qe2 Nd5
22. Rdc1 Nf6 23. a4 Nd5 24. Ne5 Bd6 25. e4 Ne7 26. f4 f5 27. Bh4 Bxe5 28. Bxe7
Bxf4 29. Bxd8 Bxc1 30. Rxc1 fxe4 31. Bxe4 Bxe4 32. Qxe4 Qxd8 33. Qxe6+ Kh8 34.
d5 Qg5 35. Rd1 Qh5 36. Re1 Rd8 37. d6 Qh4 38. Rf1 Qxa4 39. d7 Rxd7 40. Rf8+ Kh7
41. Qf5+ g6 42. Qe5 Rg7 43. Qb8 Qd1+ 44. Kh2 g5 45. Rd8 Qb3 46. Rh8+ Kg6 47.
Qd6+ Kf5 48. g4+ 1-0

[Event "16th Sants Open 2014"]
[Site "Barcelona ESP"]
[Date "2014.08.27"]
[Round "6.9"]
[White "Fier, Alexandr"]
[Black "Gomez Ledo, Roberto Carlos"]
[Result "1-0"]
[WhiteTitle "GM"]
[BlackTitle "IM"]
[WhiteElo "2570"]
[BlackElo "2411"]
[WhiteFideId "2107139"]
[BlackFideId "3507076"]
[EventDate "2014.08.22"]

1. d4 d5 2. c4 e6 3. Nc3 c5 4. cxd5 exd5 5. Nf3 Nc6 6. dxc5 d4 7. Na4 Bxc5 8.
Nxc5 Qa5+ 9. Bd2 Qxc5 10. Rc1 Qb6 11. e3 Nf6 12. Qa4 Ne4 13. Nxd4 Nxd2 14. Nxc6
Bd7 15. Bb5 Rc8 16. Kxd2 bxc6 17. Qe4+ Kf8 18. Bd3 Qxb2+ 19. Rc2 Qf6 20. Qb4+
Kg8 21. Ke2 g6 22. Qb7 Rd8 23. Qxa7 Bf5 24. Rd1 Kg7 25. Qc5 Qg5 26. Bxf5 gxf5
27. Qe5+ Kg6 28. Rxc6+ f6 29. Qg3 Qxg3 30. hxg3 Ra8 31. Rd2 Ra4 32. Rc7 h6 33.
Kf3 Rha8 34. Rdd7 Rxa2 35. Rg7+ Kh5 36. Rc1 Ra1 37. Rc5 R8a5 38. g4+ Kh4 39.
Rxf5 Rxf5+ 40. gxf5 Ra5 41. g4 1-0